000 01405nam2a2200265 4500
001 RU\NLR\PR\ONL\13780956
005 20260412095518.0
035 _a(NLR Aleph) 022777037
090 _a13655015
_c13655015
100 _a20260406d1934 m y0rusy50 ca
101 1 _a9tt
_a9dj
_crus
102 _aRU
105 _aa j 000yy
135 _adomg ||||||
181 0 _ai
_b xxe
182 0 _an
200 0 _a2-муьн суьгьбэт
203 _aТекст
_bвизуальный
_cнепосредственный
210 _d1934
215 _a96,[3] с.
_cил
461 0 _1001RU\NLR\PR\ONL\13780953
_12001#$aСуьгьбэтгьой ленинизмэ$fВ. Карпинский$gтэмиси Е. Мататов, М. Бэхшиев$v2-муьн суьгьбэт
_1205##$aЭввэли вэдирэморэл
_1210##$aМосква$cПартиздат$d1934
_1215##$d20
_1700#1$aКарпинский$bВ. А.$f1880-1965$gВячеслав Алексеевич$4070
_1702#1$aМататов$bЕ.Р.$f1888-1943$gЕхиил Рувинович$4730
_913655016
_aКарпинский, В. А. (1880-1965)
_cМосква
_d1934
_eЭввэли вэдирэморэл
_fВ. Карпинский
_nПартиздат
_tСуьгьбэтгьой ленинизмэ
_v2-муьн суьгьбэт
801 0 _aRU
_bNLR
942 _cBOOK
945 _aРоссийская национальная библиотека
980 _aNB